<?xml version="1.0" encoding="UTF-8"?>
<collection xmlns="http://www.loc.gov/MARC21/slim">
 <record>
  <leader>00453pamaa2200169   4500</leader>
  <controlfield tag="001">0000017693</controlfield>
  <controlfield tag="005">20100429090000.0</controlfield>
  <datafield tag="020" ind1="0" ind2="0">
   <subfield code="a">0395856647 </subfield>
  </datafield>
  <datafield tag="082" ind1=" " ind2=" ">
   <subfield code="a">658.4092 DUB</subfield>
  </datafield>
  <datafield tag="090" ind1="0" ind2="0">
   <subfield code="a">HD57.7 </subfield>
   <subfield code="b">DUB 1998</subfield>
  </datafield>
  <datafield tag="100" ind1="1" ind2="0">
   <subfield code="a">DUBRIN </subfield>
  </datafield>
  <datafield tag="245" ind1="1" ind2="0">
   <subfield code="a">Leadership : </subfield>
   <subfield code="b">research findings, practice, and skills  </subfield>
   <subfield code="c">Andrew J. Dubrin.</subfield>
  </datafield>
  <datafield tag="250" ind1="0" ind2="0">
   <subfield code="a">2nd ed.</subfield>
  </datafield>
  <datafield tag="260" ind1="0" ind2="0">
   <subfield code="a">Boston: </subfield>
   <subfield code="b">Houghton Mifflin, </subfield>
   <subfield code="c">1998.</subfield>
  </datafield>
  <datafield tag="300" ind1=" " ind2=" ">
   <subfield code="a">xxi, 442p.: </subfield>
   <subfield code="b">24cm.</subfield>
  </datafield>
  <datafield tag="650" ind1="0" ind2="0">
   <subfield code="a">Management </subfield>
  </datafield>
  <datafield tag="650" ind1="0" ind2="0">
   <subfield code="a">Leadership </subfield>
  </datafield>
 </record>
</collection>
